[Event "ROM-ch U10"]
[Site "Calimanesti Caciulata"]
[Date "2016.04.24"]
[Round "8"]
[White "Cadariu, Andrei"]
[Black "Revnic, Radu Andrei"]
[Result "1/2-1/2"]
[WhiteElo "1058"]
[BlackElo "1172"]
[PlyCount "67"]
[EventDate "2016.04.18"]
[EventType "swiss"]
[EventRounds "9"]
[EventCountry "ROU"]
[SourceTitle "EXT 2017"]
[Source "ChessBase"]
[SourceDate "2016.10.25"]
[SourceVersion "1"]
[SourceVersionDate "2016.10.25"]
[SourceQuality "1"]

1. e4 c5 2. Nc3 Nc6 3. Nf3 g6 4. Be2 Bg7 5. 0-0 e6 6. d3 Nge7 7. Bg5 0-0 8. Qd2 Nd4 9. Rac1 Nxf3+ 10. Bxf3 f5 11. h3 e5 12. Rfe1 f4 13. Nd5 Re8 14. Bxe7 Rxe7 15. Nxe7+ Qxe7 16. a3 d6 17. b4 b6 18. bxc5 bxc5 19. Rb1 h6 20. Rb3 g5 21. Reb1 Qc7 22. c3 Be6 23. Rb7 Qc8 24. Bg4 Bxg4 25. hxg4 Qxg4 26. Rb8+ Rxb8 27. Rxb8+ Kh7 28. Qa2 f3 29. Qg8+ Kg6 30. Qe8+ Kh7 31. Qg8+ Kg6 32. Qe8+ Kh7 33. Qg8+ Kg6 34. Qe8+ 1/2-1/2

[Event "ROM-ch U10"]
[Site "Calimanesti Caciulata"]
[Date "2016.04.22"]
[Round "6"]
[White "Cadariu, Andrei"]
[Black "Musat, Tudor Mihai"]
[Result "1-0"]
[WhiteElo "1058"]
[BlackElo "1121"]
[PlyCount "43"]
[EventDate "2016.04.18"]
[EventType "swiss"]
[EventRounds "9"]
[EventCountry "ROU"]
[SourceTitle "CBM 172 Extra"]
[Source "ChessBase"]
[SourceDate "2016.06.21"]
[SourceVersion "1"]
[SourceVersionDate "2016.06.21"]
[SourceQuality "1"]

1. e4 e5 2. Nc3 Nf6 3. Bb5 Nc6 4. Nge2 Bc5 5. h3 0-0 6. 0-0 a6 7. Bxc6 dxc6 8. Ng3 h6 9. d3 Be6 10. Be3 Bb6 11. Qf3 Bxe3 12. fxe3 Qe7 13. d4 Bc4 14. Rf2 exd4 15. exd4 Rfe8 16. Rd1 c5 17. d5 b5 18. b3 b4 19. bxc4 bxc3 20. Qxc3 Nxe4 21. Re1 Nxc3 22. Rxe7 1-0

[Event "ROM-ch U10"]
[Site "Calimanesti Caciulata"]
[Date "2016.04.21"]
[Round "4"]
[White "Manolache, Ianis"]
[Black "Cadariu, Andrei"]
[Result "0-1"]
[WhiteElo "1001"]
[BlackElo "1058"]
[PlyCount "50"]
[EventDate "2016.04.18"]
[EventType "swiss"]
[EventRounds "9"]
[EventCountry "ROU"]
[SourceTitle "CBM 172 Extra"]
[Source "ChessBase"]
[SourceDate "2016.06.21"]
[SourceVersion "1"]
[SourceVersionDate "2016.06.21"]
[SourceQuality "1"]

1. e4 e5 2. Nf3 Nc6 3. Bb5 d6 4. 0-0 Bg4 5. h3 Bh5 6. Re1 Be7 7. d3 h6 8. Nc3 Nf6 9. Be3 0-0 10. Qe2 Qc8 11. a3 a6 12. Ba4 Qd8 13. Red1 d5 14. Bb3 d4 15. Bd2 dxc3 16. Bxc3 Qc8 17. Qe3 b6 18. Re1 Bc5 19. d4 exd4 20. Bxd4 Bxd4 21. Nxd4 Nxd4 22. Qxd4 Rd8 23. Qe5 Re8 24. Qf4 Re7 25. Re3 Qe8 0-1

[Event "ROM-ch U10"]
[Site "Calimanesti"]
[Date "2015.04.05"]
[Round "8"]
[White "Cadariu, Andrei"]
[Black "Musca, Paul Constantin Cal"]
[Result "0-1"]
[WhiteElo "1001"]
[BlackElo "1251"]
[PlyCount "92"]
[EventDate "2015.03.30"]
[EventType "swiss"]
[EventRounds "9"]
[EventCountry "ROU"]
[SourceTitle "CBM 165 Extra"]
[Source "ChessBase"]
[SourceDate "2015.04.21"]
[SourceVersion "1"]
[SourceVersionDate "2015.04.21"]
[SourceQuality "1"]

1. e4 e5 2. Nf3 Nc6 3. Nc3 Nf6 4. Bc4 h6 5. d3 Bc5 6. h3 d6 7. 0-0 0-0 8. Be3 Bb6 9. Nh4 Re8 10. Nf3 Be6 11. Bb5 Bd7 12. Bxb6 axb6 13. a3 Ne7 14. Bxd7 Qxd7 15. Rb1 Ng6 16. Nd5 Nxd5 17. exd5 c6 18. c4 cxd5 19. cxd5 Ne7 20. Qb3 Rec8 21. d4 exd4 22. Nxd4 Rc5 23. Qxb6 Rxd5 24. Rbc1 Ra6 25. Qb3 Rxd4 26. Rc3 Rc6 27. Qb5 Rd5 28. Qb3 Rxc3 29. bxc3 Rb5 30. Qa4 Qc6 31. Qa8+ Kh7 32. Qa4 Rg5 33. f3 Qxa4 34. f4 Rf5 35. g3 Nd5 36. h4 Qa7+ 37. Rf2 Nxf4 38. Kf1 g5 39. hxg5 hxg5 40. gxf4 Rxf4 41. Rxf4 gxf4 42. c4 Qxa3 43. c5 f3 44. cxd6 Qe3 45. d7 Qe2+ 46. Kg1 Qg2# 0-1

[Event "ROM-ch U10"]
[Site "Calimanesti"]
[Date "2015.04.03"]
[Round "6"]
[White "Cadariu, Andrei"]
[Black "Stangu, Razvan Florin"]
[Result "1/2-1/2"]
[WhiteElo "1001"]
[BlackElo "1189"]
[PlyCount "53"]
[EventDate "2015.03.30"]
[EventType "swiss"]
[EventRounds "9"]
[EventCountry "ROU"]
[SourceTitle "CBM 165 Extra"]
[Source "ChessBase"]
[SourceDate "2015.04.21"]
[SourceVersion "1"]
[SourceVersionDate "2015.04.21"]
[SourceQuality "1"]

1. e4 e5 2. Nf3 Nc6 3. Nc3 Bc5 4. Bc4 Nf6 5. h3 d6 6. d3 Be6 7. b3 Qe7 8. Bg5 h6 9. Be3 b6 10. Bb5 Qd7 11. Ba6 Nb4 12. Bc4 Nc6 13. 0-0 0-0 14. a3 a6 15. Bd5 b5 16. Nh4 Rab8 17. Ng6 Qe8 18. Nxf8 Qxf8 19. b4 Bb6 20. Rb1 a5 21. bxa5 Bxa5 22. Bd2 Nd4 23. Ra1 b4 24. axb4 Bxb4 25. Na2 Bxd2 26. Qxd2 Rb2 27. Rfc1 1/2-1/2

[Event "ROM-ch U10"]
[Site "Calimanesti"]
[Date "2015.03.31"]
[Round "2"]
[White "Dorobantu, Fanurie Florin"]
[Black "Cadariu, Andrei"]
[Result "1-0"]
[WhiteElo "1163"]
[BlackElo "1001"]
[PlyCount "33"]
[EventDate "2015.03.30"]
[EventType "swiss"]
[EventRounds "9"]
[EventCountry "ROU"]
[SourceTitle "CBM 165 Extra"]
[Source "ChessBase"]
[SourceDate "2015.04.21"]
[SourceVersion "1"]
[SourceVersionDate "2015.04.21"]
[SourceQuality "1"]

1. e4 e5 2. Nf3 Nc6 3. Bc4 h6 4. Nc3 Nf6 5. d3 Bb4 6. 0-0 0-0 7. h3 a6 8. a3 Bc5 9. Qe2 b5 10. Bd5 h5 11. Be3 Bd6 12. Rad1 Be7 13. d4 d6 14. Bxc6 Rb8 15. dxe5 dxe5 16. Rxd8 Rxd8 17. Nxe5 1-0